000
00230 a2200097 4500
020
_a
9780590465663
041
_a
spa
100
_a
Judith Viorst
245
_a
Alexander y el dia terrible; horrible, espantoso, horroroso
942
_c
BK
999
_c
29178
_d
29176